Lógica, proposición y norma /
Guardado en:
| Autor Principal: | |
|---|---|
| Otros Autores: | , |
| Formato: | Desconocido |
| Idioma: | Spanish |
| Publicado: |
Buenos Aires :
Astrea,
2002.
|
| Edición: | 6a. reimp. |
| Series: | Filosofía y derecho ;
9 |
| Materias: | |
| Etiquetas: |
Agregar Etiqueta
Sin Etiquetas, Sea el primero en etiquetar este registro!
|
| LEADER | 00665nac a22002055a 4500 | ||
|---|---|---|---|
| 001 | DER.der015102 | ||
| 008 | 250203i2002####ag#||||||||||||||#||spa|| | ||
| 005 | 20250203110518.0 | ||
| 245 | 1 | 0 | |a Lógica, proposición y norma / |c Delia Teresa Echave, María Eugenia Urquijo, Ricardo A. Guibourg. |
| 250 | |a 6a. reimp. | ||
| 260 | |a Buenos Aires : |b Astrea, |c 2002. | ||
| 300 | |a 165 p. | ||
| 490 | 1 | |a Filosofía y derecho ; |v 9 | |
| 020 | |a 9505082398 | ||
| 100 | 1 | |a Echave, Delia Teresa | |
| 700 | 1 | |a Urquijo, María Eugenia | |
| 700 | 1 | |a Guibourg, Ricardo A. | |
| 650 | 7 | |a INTRODUCCION AL DERECHO | |
| 650 | 7 | |a FILOSOFIA DEL DERECHO | |
| 859 | |a DERECHO |b BIB. DERECHO |h 340.1 |i ECH |p 001067 | ||
